Datum a čas kvízu
33
Celkem bodů
Celkový počet nahraných bodů na tomto kvízu bez doplňovacích otázek.
2.
Pořadí na kvízu
Konečné umístění týmu na tomto kvízu.
Zaznamenané odpovědi
| # | Otázka | Odpověď | Body | Výsledky |
|---|---|---|---|---|
| 1. | V pondělí se český premiér ,,j... | Adam Vojtěch | 1 | |
| 2. | Vláda jisté země dala ve čtvrt... | Francisco Franco | 1 | |
| 3. | Naše nejvýznamnější šansoniérk... | 88. narozeniny | 0 | |
| 4. | Minulý týden jsme se dozvěděli... | Avast | 1 | |
| 5. | Vladimír Růžička se po půl roc... | Hradec Králové | 0 | |
| 6. | Druhý díl naší cesty kolem svě... | Srí Lanka (do r. 1972 Cejlon) | 1 | |
| 7. | Pokračujeme dále do jihovýchod... | Thajsko | 1 | |
| 8. | Další dvě otázky budou patřit... | Medvídek Pú | 1 | |
| 9. | Jakou barvou je přibližně vyz... | žlutou barvou | 0 | |
| 10. | Dnešní putování zakončíme v Mo... | z kobylího mléka | 1 |